| 000 | 00573nam a2200205Ia 4500 | ||
|---|---|---|---|
| 005 | 20221130112054.0 | ||
| 008 | 131103s9999 xx 000 0 und d | ||
| 020 | _cRs.595 | ||
| 040 | _aLoreto College | ||
| 041 | _aEnglish | ||
| 082 |
_a954.14 _bSEN |
||
| 100 | _aSengupta,Nitish | ||
| 245 |
_aHistory of the Bengali speaking people _cNitish Sengupta |
||
| 260 |
_aNew Delhi _bUBS Publishers Distributors Ltd. _c2001 |
||
| 300 | _a550 p. | ||
| 504 | _aIncludes index and bibliographical references | ||
| 650 | _aBengal - History | ||
| 850 | _aLCLIB | ||
| 942 | _cBK | ||
| 999 |
_c10196 _d60675 |
||